000 00661nam a2200253Ia 4500
003 OSt
005 20221005050649.0
006 a|||||r|||| 00| 0
007 ta
008 221004b |||||||| |||| 00| 0 urd d
020 _c2.00
024 _a7153
037 _cTextual
040 _aCRL
_cCRL
_burd
041 _2urd
_aurd
082 _aO168,3N16,1, J0
100 _aQasmi Ahmad Nadeem Au.
245 0 _aTulu wa ghuroob
260 _aLahore
_bNai Idara Pakistan
_c1950
300 _a160p.
_ccm.
650 _aURDU FICTION
_93298
942 _hO168,3N16,1, J0
_cTEXL
_2cc
999 _c957466
_d957466